Estudio de pre factibilidad para un sistema de alcantarillado sanitario y saneamiento en el casco urbano Tonalá, cabecera municipal de Puerto Morazán, Chinandega
Presenta un estudio de prefactibilidad para un sistema de alcantarillado sanitario y saneamiento en el casco urbano Tonalá, cabecera municipal de Puerto Morazán, Chinandega.
| Main Authors: | , |
|---|---|
| Other Authors: | |
| Format: | Tesis Section = Libro |
| Language: | Undetermined Spanish |
| Published: |
Managua
UNI
2018
|
| Subjects: |
| LEADER | 01163nam a2200277Ia 4500 | ||
|---|---|---|---|
| 008 | 240830s9999 xx 000 0 und d | ||
| 040 | |a BIBLIOTECA-RUSB/ M.Mon 628.25 S232 | ||
| 041 | |a spa | ||
| 082 | |a M.Mon 628.25 S232 | ||
| 100 | 1 | |a Santamaría Sánchez, Francisco Noel | |
| 100 | 1 | |b Padilla Ramos, Ramiro José | |
| 245 | 1 | 0 | |a Estudio de pre factibilidad para un sistema de alcantarillado sanitario y saneamiento en el casco urbano Tonalá, cabecera municipal de Puerto Morazán, Chinandega |
| 260 | |a Managua |b UNI |c 2018 | ||
| 300 | |a 174 p. :il. | ||
| 500 | |a Contiene anexos. | ||
| 502 | |a Tesis (Máster en Gerencia de Proyectos de Desarrollo) - UNI, 2018. | ||
| 520 | 3 | |a Presenta un estudio de prefactibilidad para un sistema de alcantarillado sanitario y saneamiento en el casco urbano Tonalá, cabecera municipal de Puerto Morazán, Chinandega. | |
| 650 | 7 | |a ALCANTARILLADO SANITARIO- DISEÑO | |
| 650 | 7 | |b ESTUDIO PREFACTIBILIDAD | |
| 650 | 7 | |c INGENIERIA SANITARIA | |
| 650 | 7 | |d AGUAS RESIDUALES | |
| 650 | 7 | |e ALCANTARILLADO SANITARIO | |
| 700 | 1 | |a Tutor: |b Vega Rodríguez, Roger | |
| 942 | |c BK |2 ddc | ||
| 991 | |a TESIS | ||
| 999 | |c 19316 | ||